000 01188cam a2200277 a 4500
001 000007326
003 DO-SdBNP
005 20250318151528.0
008 830725s1982 uy ad b f000 0 spa
040 _aDO-SdBNP
_bspa
_cDLC
_dDLC
_dBNPHU
049 _aBNGR
082 _a982.01
_bL181h
100 1 _aLaguarda Trías, Rolando A,
_d1902-1998.
_920367
245 1 3 _aEl hallazgo del Río de la Plata por Amerigo Vespucci en 1502 /
_cRolando A. Laguarda Trías.
260 _aMontevideo, (Uruguay) :
_bAcademia Nacional de Letras,
_c1982.
300 _a252 p. :
_bil., tab. ;
_c24 cm.
490 1 _aBiblioteca de la Academia Nacional de Letras
_v3
_aEscritos
504 _aIncluye referencias bibliográficas.
600 1 4 _aVESPUCCI, AMERIGO,
_d1451-1512
_920370
651 4 _aArgentina
_xDescubrimiento y exploración
_y1502
_920368
651 4 _aRio De La Plata (Argentina Y Uruguay{Rpara}
_xDescubrimiento Y Exploración
_y1502
_920369
651 0 _aAmérica --
_xDescubrimiento y exploración --
_xEspañoles
_9544
_vEnsayo, conferencias, etc.
830 0 _aBiblioteca de la Academia Nacional de Letras ;
_v3,
_pEscritos
_920371
910 _aCatalogación por copia / LC
942 _2ddc
_cLBS1
999 _c7107
_d7107